[Event "HUN-chT2 9394"]
[Site "Hungary"]
[Date "1994.??.??"]
[Round "?"]
[White "Bauer, Tamas"]
[Black "Istvandi, Lajos"]
[Result "1-0"]
[WhiteElo "2410"]
[BlackElo "2355"]
[PlyCount "28"]
[EventDate "1993.??.??"]
[EventType "team"]
[EventRounds "13"]
[EventCountry "HUN"]
[SourceTitle "TD"]
[Source "ChessBase"]
[SourceDate "1994.03.01"]
[SourceVersion "1"]
[SourceVersionDate "1994.03.01"]
[SourceQuality "1"]

1. e4 d6 2. d4 Nf6 3. Nc3 c6 4. f4 Qa5 5. Bd3 e5 6. Nf3 Bg4 7. Be3 d5 8. fxe5 Nxe4 9. 0-0 Nxc3 10. bxc3 Be7 11. Qe1 0-0 12. Qg3 Bh5 13. Bg5 Bxg5 14. Nxg5 h6 1-0

[Event "HUN-chT2 9394"]
[Site "Hungary"]
[Date "1994.??.??"]
[Round "?"]
[White "Bauer, Tamas"]
[Black "Nemeth, Zoltan"]
[Result "0-1"]
[WhiteElo "2410"]
[BlackElo "2370"]
[PlyCount "110"]
[EventDate "1993.??.??"]
[EventType "team"]
[EventRounds "13"]
[EventCountry "HUN"]
[SourceTitle "TD"]
[Source "ChessBase"]
[SourceDate "1994.03.01"]
[SourceVersion "1"]
[SourceVersionDate "1994.03.01"]
[SourceQuality "1"]

1. e4 c6 2. d4 g6 3. Nc3 d5 4. e5 h5 5. Bd3 Nh6 6. Nf3 Na6 7. Ng5 Nc7 8. Ne2 Bf5 9. 0-0 Qd7 10. a4 f6 11. Nf3 Bxd3 12. Qxd3 Qf5 13. Qb3 0-0-0 14. Nf4 g5 15. Nd3 h4 16. Nfe1 e6 17. exf6 Bd6 18. Ne5 Bxe5 19. dxe5 Nf7 20. f4 gxf4 21. Bxf4 Nxe5 22. Nd3 Nxd3 23. Bxc7 Qg4 24. Qxd3 Kxc7 25. Qe3 Rdg8 26. Rf2 Rh5 27. Re1 Rf5 28. f7 Rg7 29. Qxe6 Rxf2 30. Qxg4 Rxg4 31. Kxf2 Rf4+ 32. Kg1 Rxf7 33. g3 hxg3 34. hxg3 Kd6 35. Kg2 c5 36. g4 d4 37. Kg3 c4 38. Re4 Kd5 39. Rf4 Re7 40. Kf3 d3 41. c3 Re1 42. Rd4+ Ke5 43. Rd7 Rb1 44. Rd4 a5 45. Ke3 Re1+ 46. Kd2 Re2+ 47. Kc1 Re4 48. Rd7 b6 49. Rb7 Re1+ 50. Kd2 Re2+ 51. Kc1 Rc2+ 52. Kb1 Kf4 53. Rxb6 Ke3 54. Rh6 Re2 55. Rh1 Kd2 0-1

[Event "HUN-chT2 9394"]
[Site "Hungary"]
[Date "1994.??.??"]
[Round "?"]
[White "Bauer, Tamas"]
[Black "Papagorasz, Takisz"]
[Result "0-1"]
[WhiteElo "2410"]
[BlackElo "2270"]
[PlyCount "60"]
[EventDate "1993.??.??"]
[EventType "team"]
[EventRounds "13"]
[EventCountry "HUN"]
[SourceTitle "TD"]
[Source "ChessBase"]
[SourceDate "1994.03.01"]
[SourceVersion "1"]
[SourceVersionDate "1994.03.01"]
[SourceQuality "1"]

1. e4 e5 2. Nf3 Nc6 3. Bb5 a6 4. Ba4 Nf6 5. 0-0 Be7 6. Re1 b5 7. Bb3 d6 8. c3 0-0 9. h3 Nd7 10. a4 Bb7 11. d4 Bf6 12. Bc2 bxa4 13. d5 Ne7 14. c4 Nb6 15. Qd3 c6 16. Nc3 Rc8 17. Nxa4 Nxa4 18. Rxa4 Qc7 19. b4 g6 20. Bb3 Bg7 21. Rd1 Rfd8 22. Be3 h6 23. c5 cxd5 24. exd5 dxc5 25. d6 c4 26. Qe2 Rxd6 27. Rxd6 Qxd6 28. Bxc4 Rxc4 29. Qxc4 Qd1+ 30. Kh2 Qxa4 0-1

[Event "HUN-chT2 9394"]
[Site "Hungary"]
[Date "1994.??.??"]
[Round "?"]
[White "Lenart, Endre"]
[Black "Bauer, Tamas"]
[Result "0-1"]
[WhiteElo "2275"]
[BlackElo "2410"]
[PlyCount "64"]
[EventDate "1993.??.??"]
[EventType "team"]
[EventRounds "13"]
[EventCountry "HUN"]
[SourceTitle "TD"]
[Source "ChessBase"]
[SourceDate "1994.03.01"]
[SourceVersion "1"]
[SourceVersionDate "1994.03.01"]
[SourceQuality "1"]

1. e4 c5 2. Nf3 e6 3. d4 cxd4 4. c3 dxc3 5. Nxc3 a6 6. Bc4 b5 7. Bb3 Bb7 8. Qe2 Nf6 9. e5 b4 10. exf6 bxc3 11. bxc3 Qxf6 12. Nd4 Bd6 13. 0-0 0-0 14. f4 Nc6 15. Rb1 Bc5 16. Bc2 Nxd4 17. cxd4 Bxd4+ 18. Kh1 Bc6 19. Rb3 g6 20. Rd1 e5 21. fxe5 Bxe5 22. Rf1 Qe6 23. Re3 Bb5 24. Qe1 Bxf1 25. Rxe5 Qxa2 26. Qxf1 Qxc2 27. Re2 Qb1 28. Re1 Rfe8 29. Rd1 Qb5 30. Qg1 Re2 31. h4 Rae8 32. Bh6 Qb4 0-1

[Event "HUN-chT2 9394"]
[Site "Hungary"]
[Date "1994.??.??"]
[Round "?"]
[White "Solymosi, Istvan"]
[Black "Bauer, Tamas"]
[Result "0-1"]
[WhiteElo "2285"]
[BlackElo "2410"]
[PlyCount "28"]
[EventDate "1993.??.??"]
[EventType "team"]
[EventRounds "13"]
[EventCountry "HUN"]
[SourceTitle "TD"]
[Source "ChessBase"]
[SourceDate "1994.03.01"]
[SourceVersion "1"]
[SourceVersionDate "1994.03.01"]
[SourceQuality "1"]

1. d4 d5 2. c4 e6 3. Nc3 Be7 4. Nf3 Nf6 5. Bg5 Nbd7 6. e3 0-0 7. Rc1 a6 8. a3 Re8 9. Qc2 c5 10. cxd5 exd5 11. dxc5 Nxc5 12. Be2 Nce4 13. Nxe4 dxe4 14. Nd4 Qa5+ 0-1

[Event "HUN-chT2 9293"]
[Site "Hungary"]
[Date "1993.??.??"]
[Round "?"]
[White "Bauer, Tamas"]
[Black "Bartha, Sandor"]
[Result "1-0"]
[WhiteElo "2335"]
[BlackElo "2280"]
[PlyCount "81"]
[EventDate "1992.??.??"]
[EventType "team"]
[EventRounds "12"]
[EventCountry "HUN"]
[SourceTitle "TD"]
[Source "ChessBase"]
[SourceDate "1994.03.01"]
[SourceVersion "1"]
[SourceVersionDate "1994.03.01"]
[SourceQuality "1"]

1. c4 c6 2. d4 d5 3. e3 Nf6 4. Nc3 e6 5. Nf3 Be7 6. Bd3 dxc4 7. Bxc4 0-0 8. 0-0 b5 9. Bd3 Bb7 10. a3 a6 11. e4 Nbd7 12. b4 a5 13. Rb1 axb4 14. axb4 Nb6 15. Qc2 h6 16. Rd1 Qb8 17. Qe2 Rd8 18. e5 Nfd5 19. Qe4 g6 20. Nxd5 cxd5 21. Qf4 Bf8 22. Qh4 Kh7 23. g4 Nc4 24. Bxh6 Kg8 25. Bg5 Bg7 26. Bxd8 Qxd8 27. Qxd8+ Rxd8 28. Ra1 Bf8 29. Rdb1 Rb8 30. Kg2 Be7 31. h4 Kg7 32. Kg3 Bd8 33. Ra2 Bb6 34. Rh1 Bd8 35. h5 Be7 36. Rb1 gxh5 37. gxh5 Kh6 38. Nh2 Kxh5 39. Ng4 Rg8 40. Rh1+ Kg5 41. f4# 1-0

[Event "HUN-chT"]
[Site "Hungary"]
[Date "1993.??.??"]
[Round "?"]
[White "Bauer, Tamas"]
[Black "Farago, Ivan"]
[Result "1-0"]
[WhiteElo "2335"]
[BlackElo "2510"]
[PlyCount "81"]
[EventDate "1993.??.??"]
[EventType "team"]
[EventRounds "13"]
[EventCountry "HUN"]
[SourceTitle "TD"]
[Source "ChessBase"]
[SourceDate "1994.03.01"]
[SourceVersion "1"]
[SourceVersionDate "1994.03.01"]
[SourceQuality "1"]

1. e4 c5 2. Nf3 e6 3. d4 cxd4 4. Nxd4 a6 5. Bd3 Nf6 6. 0-0 Qc7 7. Qe2 d6 8. Kh1 g6 9. Nc3 Bg7 10. f4 0-0 11. Bd2 b6 12. Rae1 Bb7 13. Nf3 Nbd7 14. Ng5 b5 15. a3 Nc5 16. Qf2 h6 17. Nf3 d5 18. e5 Nfe4 19. Bxe4 Nxe4 20. Nxe4 dxe4 21. Nd4 Rfd8 22. Rd1 Rd7 23. Bb4 Rc8 24. Rd2 g5 25. Bd6 Qc4 26. Ne2 Qc6 27. Qe3 Rcd8 28. Rfd1 f5 29. Nd4 gxf4 30. Qxf4 Qc4 31. b3 Qc3 32. Nxe6 e3 33. Nxd8 Rxd8 34. Qh4 Rxd6 35. Rxd6 Qxc2 36. Rg1 Qe4 37. Qxe4 Bxe4 38. e6 Kf8 39. Rd7 Bf6 40. Rf7+ Ke8 41. Rxf6 1-0

[Event "HUN-chT"]
[Site "Hungary"]
[Date "1993.??.??"]
[Round "?"]
[White "Bauer, Tamas"]
[Black "Groszpeter, Attila"]
[Result "1/2-1/2"]
[WhiteElo "2335"]
[BlackElo "2525"]
[PlyCount "38"]
[EventDate "1993.??.??"]
[EventType "team"]
[EventRounds "13"]
[EventCountry "HUN"]
[SourceTitle "TD"]
[Source "ChessBase"]
[SourceDate "1994.03.01"]
[SourceVersion "1"]
[SourceVersionDate "1994.03.01"]
[SourceQuality "1"]

1. e4 c5 2. Nf3 d6 3. d4 cxd4 4. Nxd4 Nf6 5. Nc3 Nc6 6. Bg5 e6 7. Qd2 a6 8. 0-0-0 Bd7 9. f4 Be7 10. Nf3 b5 11. Bxf6 gxf6 12. Ne2 Qa5 13. Kb1 Qxd2 14. Rxd2 Bc8 15. f5 Bb7 16. Nf4 Nd8 17. Bd3 Rg8 18. Re1 Rc8 19. g3 Bf8 1/2-1/2

[Event "Szekszard op"]
[Site "Szekszard"]
[Date "1993.??.??"]
[Round "1"]
[White "Bauer, Tamas"]
[Black "Kaplan, Lael"]
[Result "1-0"]
[WhiteElo "2335"]
[BlackElo "2200"]
[PlyCount "33"]
[EventDate "1993.??.??"]
[EventType "swiss"]
[EventRounds "9"]
[EventCountry "HUN"]
[SourceTitle "EXT 1998"]
[Source "ChessBase"]
[SourceDate "1997.11.17"]
[SourceVersion "1"]
[SourceVersionDate "1997.11.17"]
[SourceQuality "1"]

1. e4 c5 2. Nf3 e6 3. d4 cxd4 4. Nxd4 Nf6 5. Nc3 d6 6. g4 h6 7. Rg1 Nc6 8. h4 h5 9. gxh5 Nxh5 10. Bg5 Nf6 11. Qd2 a6 12. 0-0-0 Qb6 13. Nb3 Ne5 14. Be2 Qc7 15. f4 Nc6 16. Bf3 Bd7 17. Rge1 1-0

[Event "Szekszard op"]
[Site "Szekszard"]
[Date "1993.??.??"]
[Round "2"]
[White "Horvath, Julia"]
[Black "Bauer, Tamas"]
[Result "1/2-1/2"]
[WhiteElo "2265"]
[BlackElo "2335"]
[PlyCount "68"]
[EventDate "1993.??.??"]
[EventType "swiss"]
[EventRounds "9"]
[EventCountry "HUN"]
[SourceTitle "EXT 1998"]
[Source "ChessBase"]
[SourceDate "1997.11.17"]
[SourceVersion "1"]
[SourceVersionDate "1997.11.17"]
[SourceQuality "1"]

1. d4 d5 2. Nf3 Nf6 3. c4 e6 4. g3 Be7 5. Bg2 0-0 6. 0-0 dxc4 7. Ne5 Nc6 8. Bxc6 bxc6 9. Nxc6 Qe8 10. Nxe7+ Qxe7 11. Qa4 c5 12. Qa3 e5 13. Qxc5 Qxc5 14. dxc5 Bh3 15. Rd1 Rfc8 16. Na3 Be6 17. f3 Rab8 18. Kf2 Rxc5 19. Be3 Rcc8 20. Rac1 h6 21. Rd2 a6 22. Nb1 Rb7 23. Nc3 Rcb8 24. Na4 Rb4 25. Nc5 Rxb2 26. Nxe6 fxe6 27. Rxc4 Rxd2 28. Bxd2 Rb2 29. Bc3 Rc2 30. Ke3 e4 31. fxe4 Rxa2 32. Bxf6 gxf6 33. Rc7 a5 34. e5 Ra3+ 1/2-1/2

[Event "HUN-chT"]
[Site "Hungary"]
[Date "1993.??.??"]
[Round "?"]
[White "Horvath, Tamas"]
[Black "Bauer, Tamas"]
[Result "1-0"]
[WhiteElo "2425"]
[BlackElo "2335"]
[PlyCount "53"]
[EventDate "1993.??.??"]
[EventType "team"]
[EventRounds "13"]
[EventCountry "HUN"]
[SourceTitle "TD"]
[Source "ChessBase"]
[SourceDate "1994.03.01"]
[SourceVersion "1"]
[SourceVersionDate "1994.03.01"]
[SourceQuality "1"]

1. e4 c5 2. Nf3 e6 3. Nc3 a6 4. d4 cxd4 5. Nxd4 b5 6. Bd3 Bb7 7. 0-0 Qc7 8. Qe2 Nf6 9. Bd2 Be7 10. Rae1 d6 11. a4 b4 12. Na2 Qb6 13. Nb3 Nc6 14. Kh1 0-0 15. Nxb4 a5 16. Nxc6 Bxc6 17. Ra1 Bd8 18. f3 Bc7 19. Be3 Qb7 20. Nd4 d5 21. Nxc6 Qxc6 22. Bg5 dxe4 23. fxe4 Be5 24. Bxf6 gxf6 25. Qh5 Kh8 26. Rf3 Qc7 27. Raf1 1-0

[Event "Szekszard op"]
[Site "Szekszard"]
[Date "1993.??.??"]
[Round "7"]
[White "Szalanczy, Emil"]
[Black "Bauer, Tamas"]
[Result "1-0"]
[WhiteElo "2365"]
[BlackElo "2335"]
[PlyCount "55"]
[EventDate "1993.??.??"]
[EventType "swiss"]
[EventRounds "9"]
[EventCountry "HUN"]
[SourceTitle "EXT 1998"]
[Source "ChessBase"]
[SourceDate "1997.11.17"]
[SourceVersion "1"]
[SourceVersionDate "1997.11.17"]
[SourceQuality "1"]

1. e4 c5 2. Nf3 e6 3. d4 cxd4 4. Nxd4 a6 5. Bd3 Nf6 6. 0-0 d6 7. Qe2 Be7 8. Nc3 Qc7 9. Kh1 Nbd7 10. f4 b6 11. Bd2 Bb7 12. Rae1 Nc5 13. e5 Nfd7 14. Nf3 g6 15. exd6 Qxd6 16. Ne4 Nxe4 17. Bxe4 Bxe4 18. Qxe4 0-0 19. Bc3 Nf6 20. Qe2 Rfd8 21. Ng5 Ra7 22. Be5 Qc6 23. c3 Rad7 24. Bd4 b5 25. a3 a5 26. Nf3 Rb7 27. Ne5 Qd5 28. Rd1 1-0

[Event "HUN-chT3"]
[Site "Hungary"]
[Date "1992.??.??"]
[Round "?"]
[White "Bauer, Tamas"]
[Black "Loginov, Valery A"]
[Result "1-0"]
[WhiteElo "2345"]
[BlackElo "2540"]
[PlyCount "57"]
[EventDate "1992.??.??"]
[EventType "team"]
[EventRounds "5"]
[EventCountry "HUN"]
[SourceTitle "EXT 2001"]
[Source "ChessBase"]
[SourceDate "2000.11.22"]
[SourceVersion "1"]
[SourceVersionDate "2000.11.22"]
[SourceQuality "1"]

1. e4 c5 2. Nf3 d6 3. d4 cxd4 4. Nxd4 Nf6 5. Nc3 a6 6. Bg5 e6 7. f4 Qb6 8. Qd2 Nc6 9. 0-0-0 Bd7 10. Be2 Rc8 11. Nxc6 bxc6 12. Bf3 Rb8 13. b3 Qa5 14. Kb1 d5 15. Bxf6 gxf6 16. Nxd5 Qxd2 17. Nxf6+ Ke7 18. Rxd2 Bc8 19. e5 c5 20. c4 Bg7 21. Nh5 Bh6 22. Rhd1 a5 23. g4 a4 24. Kb2 Rg8 25. g5 Bxg5 26. fxg5 Rxg5 27. Nf6 axb3 28. axb3 h6 29. Rd8 1-0

[Event "Kecskemet op"]
[Site "Kecskemet"]
[Date "1991.??.??"]
[Round "2"]
[White "Bauer, Tamas"]
[Black "Marosi, Csaba"]
[Result "1/2-1/2"]
[WhiteElo "2345"]
[BlackElo "2215"]
[PlyCount "58"]
[EventDate "1991.??.??"]
[EventType "swiss"]
[EventRounds "9"]
[EventCountry "HUN"]
[SourceTitle "TD"]
[Source "ChessBase"]
[SourceDate "1994.03.01"]
[SourceVersion "1"]
[SourceVersionDate "1994.03.01"]
[SourceQuality "1"]

1. e4 e5 2. Nf3 Nf6 3. Nxe5 d6 4. Nf3 Nxe4 5. d4 d5 6. Bd3 Nc6 7. Nbd2 Nf6 8. 0-0 Be7 9. c3 0-0 10. h3 Bd6 11. Re1 Re8 12. Nf1 h6 13. Ne3 Ne7 14. Ne5 c5 15. Qf3 cxd4 16. cxd4 Be6 17. Nc2 Nc6 18. Bf4 Rc8 19. Rad1 Bb8 20. Nxc6 Rxc6 21. Bxb8 Qxb8 22. Ne3 a6 23. Nf5 Bxf5 24. Qxf5 Rce6 25. Rxe6 Rxe6 26. Rc1 g6 27. Qf3 Ne4 28. Bxe4 Rxe4 29. Qf6 Re6 1/2-1/2

[Event "Kecskemet op"]
[Site "Kecskemet"]
[Date "1991.??.??"]
[Round "9"]
[White "Bezdan, Tibor"]
[Black "Bauer, Tamas"]
[Result "1-0"]
[WhiteElo "2295"]
[BlackElo "2345"]
[PlyCount "41"]
[EventDate "1991.??.??"]
[EventType "swiss"]
[EventRounds "9"]
[EventCountry "HUN"]
[SourceTitle "TD"]
[Source "ChessBase"]
[SourceDate "1994.03.01"]
[SourceVersion "1"]
[SourceVersionDate "1994.03.01"]
[SourceQuality "1"]

1. e4 c5 2. Nc3 Nc6 3. g3 g6 4. Bg2 Bg7 5. d3 d6 6. Be3 e6 7. Qd2 Nd4 8. Nd1 Ne7 9. c3 Ndc6 10. Bh6 0-0 11. h4 Bxh6 12. Qxh6 f6 13. f4 Rf7 14. h5 Qf8 15. hxg6 Nxg6 16. Ne3 Rg7 17. 0-0-0 Rb8 18. g4 b5 19. f5 Nge7 20. g5 Rf7 21. gxf6 1-0

[Event "Kecskemet op1"]
[Site "Kecskemet"]
[Date "1990.??.??"]
[Round "6"]
[White "Bauer, Tamas"]
[Black "Kolompar, Josef"]
[Result "1-0"]
[WhiteElo "2400"]
[BlackElo "2065"]
[PlyCount "79"]
[EventDate "1990.??.??"]
[EventType "swiss"]
[EventRounds "13"]
[EventCountry "HUN"]
[SourceTitle "EXT 2004"]
[Source "ChessBase"]
[SourceDate "2003.11.25"]
[SourceVersion "1"]
[SourceVersionDate "2003.11.25"]
[SourceQuality "1"]

1. e4 d6 2. d4 g6 3. Nc3 Bg7 4. f4 Nf6 5. Nf3 0-0 6. Bd3 Nbd7 7. e5 dxe5 8. dxe5 Ng4 9. e6 fxe6 10. Ng5 Ndf6 11. Qe2 Qd6 12. Bc4 Nd5 13. Nce4 Qb4+ 14. c3 Nxc3 15. bxc3 Bxc3+ 16. Bd2 Bxd2+ 17. Nxd2 Rxf4 18. Rf1 Qc3 19. Rd1 Rxf1+ 20. Qxf1 Nf6 21. Qe2 Bd7 22. Bxe6+ Bxe6 23. Nxe6 a5 24. Kf1 Ra6 25. Nc4 Nd5 26. Rxd5 Qf6+ 27. Qf3 Rxe6 28. Qxf6 Rxf6+ 29. Ke2 b6 30. Rd8+ Kg7 31. Rd7 Rc6 32. Rxe7+ Kf6 33. Re4 b5 34. Ne3 Rc1 35. a4 b4 36. Rc4 Ra1 37. Rc6+ Kg7 38. Rxc7+ Kh6 39. h4 Rxa4 40. g4 1-0

[Event "Kecskemet op1"]
[Site "Kecskemet"]
[Date "1990.??.??"]
[Round "4"]
[White "Southam, David"]
[Black "Bauer, Tamas"]
[Result "0-1"]
[WhiteElo "2255"]
[BlackElo "2360"]
[PlyCount "94"]
[EventDate "1990.??.??"]
[EventType "swiss"]
[EventRounds "13"]
[EventCountry "HUN"]
[SourceTitle "EXT 2004"]
[Source "ChessBase"]
[SourceDate "2003.11.25"]
[SourceVersion "1"]
[SourceVersionDate "2003.11.25"]
[SourceQuality "1"]

1. e4 c5 2. Nf3 e6 3. d4 cxd4 4. Nxd4 a6 5. Nc3 Qc7 6. Bd3 Nf6 7. Bg5 b5 8. Qe2 Nc6 9. Nxc6 dxc6 10. e5 Nd5 11. Nxd5 cxd5 12. 0-0-0 f6 13. Bf4 Bc5 14. Bg3 f5 15. h4 0-0 16. Bf4 Bb7 17. h5 Qa5 18. Kb1 d4 19. Rhg1 Bd5 20. b3 Ba3 21. g4 Qc3 22. Bc1 Bxc1 23. Rxc1 f4 24. Qe1 b4 25. Qxc3 dxc3 26. a4 Rfd8 27. Ka2 Bf3 28. Rce1 Rd4 29. Kb1 a5 30. Be2 Bxe2 31. Rxe2 Rad8 32. f3 Rd1+ 33. Rxd1 Rxd1+ 34. Ka2 Rf1 35. Re4 Rxf3 36. Rc4 h6 37. Rc5 Rf2 38. Kb1 Rf1+ 39. Ka2 Rc1 40. Rxa5 Rxc2+ 41. Kb1 Rb2+ 42. Kc1 f3 43. Ra8+ Kh7 44. Rf8 f2 45. g5 hxg5 46. a5 Re2 47. a6 Re1+ 0-1

[Event "Kecskemet Toth Memorial"]
[Site "Kecskemet"]
[Date "1987.??.??"]
[Round "?"]
[White "Ammann, Philipp"]
[Black "Bauer, Tamas"]
[Result "1/2-1/2"]
[WhiteElo "2315"]
[BlackElo "2330"]
[PlyCount "31"]
[EventDate "1987.06.??"]
[EventType "swiss"]
[EventRounds "9"]
[EventCountry "HUN"]
[SourceTitle "EXT 2002"]
[Source "ChessBase"]
[SourceDate "2001.11.25"]
[SourceVersion "1"]
[SourceVersionDate "2001.11.25"]
[SourceQuality "1"]

1. d4 d5 2. c4 e6 3. Nf3 Nf6 4. Nc3 Be7 5. Bg5 Nbd7 6. e3 0-0 7. Bd3 dxc4 8. Bxc4 c5 9. 0-0 b6 10. Rc1 Bb7 11. Qe2 Ne4 12. Bxe7 Qxe7 13. Nxe4 Bxe4 14. Rfd1 Rfd8 15. a3 Qf6 16. Rc3 1/2-1/2

[Event "Kecskemet Toth Memorial"]
[Site "Kecskemet"]
[Date "1987.??.??"]
[Round "?"]
[White "Bauer, Tamas"]
[Black "Terzic, Safet"]
[Result "1/2-1/2"]
[WhiteElo "2330"]
[BlackElo "2345"]
[PlyCount "24"]
[EventDate "1987.06.??"]
[EventType "swiss"]
[EventRounds "9"]
[EventCountry "HUN"]
[SourceTitle "EXT 2002"]
[Source "ChessBase"]
[SourceDate "2001.11.25"]
[SourceVersion "1"]
[SourceVersionDate "2001.11.25"]
[SourceQuality "1"]

1. e4 c5 2. Nf3 Nc6 3. d4 cxd4 4. Nxd4 e6 5. Nb5 d6 6. c4 Nf6 7. N1c3 a6 8. Na3 Be7 9. Be3 Qc7 10. Be2 0-0 11. 0-0 b6 12. f3 Bb7 1/2-1/2

[Event "Kecskemet Toth Memorial"]
[Site "Kecskemet"]
[Date "1987.??.??"]
[Round "?"]
[White "Jasnikowski, Zbigniew"]
[Black "Bauer, Tamas"]
[Result "1/2-1/2"]
[WhiteElo "2375"]
[BlackElo "2330"]
[PlyCount "59"]
[EventDate "1987.06.??"]
[EventType "swiss"]
[EventRounds "9"]
[EventCountry "HUN"]
[SourceTitle "EXT 2002"]
[Source "ChessBase"]
[SourceDate "2001.11.25"]
[SourceVersion "1"]
[SourceVersionDate "2001.11.25"]
[SourceQuality "1"]

1. d4 d5 2. c4 e6 3. Nf3 Nf6 4. Nc3 Be7 5. Bg5 Nbd7 6. e3 0-0 7. Rc1 c6 8. Bd3 dxc4 9. Bxc4 b5 10. Bd3 a6 11. e4 h6 12. Bh4 c5 13. e5 Nd5 14. Bxe7 Nxe7 15. Be4 Rb8 16. dxc5 Nxc5 17. Qd6 Qxd6 18. exd6 Nf5 19. Bxf5 exf5 20. 0-0 Be6 21. Rfd1 Rfd8 22. Nd5 Bxd5 23. Rxd5 Ne4 24. Rc6 Rbc8 25. Rc7 Kh7 26. Rxc8 Rxc8 27. Kf1 Rd8 28. d7 Nf6 29. Rd6 Rxd7 30. Rxa6 1/2-1/2

[Event "Kecskemet Toth Memorial"]
[Site "Kecskemet"]
[Date "1987.??.??"]
[Round "?"]
[White "Kohlweyer, Bernd"]
[Black "Bauer, Tamas"]
[Result "1-0"]
[WhiteElo "2330"]
[BlackElo "2330"]
[PlyCount "115"]
[EventDate "1987.06.??"]
[EventType "swiss"]
[EventRounds "9"]
[EventCountry "HUN"]
[SourceTitle "EXT 2002"]
[Source "ChessBase"]
[SourceDate "2001.11.25"]
[SourceVersion "1"]
[SourceVersionDate "2001.11.25"]
[SourceQuality "1"]

1. d4 d5 2. c4 e6 3. Nf3 Nf6 4. g3 dxc4 5. Bg2 a6 6. 0-0 b5 7. Ne5 c6 8. b3 cxb3 9. Nxc6 Qb6 10. Na5 Ra7 11. Nxb3 Rd7 12. e4 Bb7 13. N1d2 Bb4 14. Bb2 0-0 15. a3 Be7 16. Re1 Rc7 17. d5 exd5 18. Bd4 Qe6 19. exd5 Qf5 20. Be5 Rd7 21. Nd4 Qg6 22. Bh3 Rxd5 23. Bf5 Qh5 24. g4 Qh6 25. N2f3 Qh3 26. g5 Ng4 27. Re4 Rxd4 28. Bxd4 Bxe4 29. Bxe4 Bd6 30. Qf1 Bxh2+ 31. Kh1 Qh5 32. Kg2 Bd6 33. Qd3 Ne5 34. Nxe5 Qxg5+ 35. Kf3 h5 36. Bh7+ Kh8 37. Qf5 Qxf5+ 38. Bxf5 Kg8 39. Rg1 g6 40. Be4 Bxe5 41. Bxe5 Nd7 42. Bd4 Rc8 43. Bd5 Kf8 44. Bb3 Rc6 45. Ke4 Nc5+ 46. Kd5 Nxb3 47. Kxc6 Nxd4+ 48. Kb6 Nc2 49. Rg3 b4 50. a4 h4 51. Rh3 g5 52. Kxa6 f5 53. Kb6 Na3 54. Kc5 Ke7 55. Kxb4 Nc2+ 56. Kc5 Kd7 57. a5 Kc7 58. Rb3 1-0

[Event "Budapest Epitok"]
[Site "Budapest"]
[Date "1986.??.??"]
[Round "?"]
[White "Karadzic, Borislav"]
[Black "Bauer, Tamas"]
[Result "1-0"]
[WhiteElo "2330"]
[BlackElo "2220"]
[PlyCount "71"]
[EventDate "1986.??.??"]
[EventType "tourn"]
[EventRounds "11"]
[EventCountry "HUN"]
[EventCategory "3"]
[SourceTitle "EXT 2004"]
[Source "ChessBase"]
[SourceDate "2003.11.25"]
[SourceVersion "1"]
[SourceVersionDate "2003.11.25"]
[SourceQuality "1"]

1. d4 Nf6 2. Nf3 d5 3. c4 e6 4. Nc3 Be7 5. g3 0-0 6. Bg2 b6 7. 0-0 Bb7 8. cxd5 Nxd5 9. Qc2 Nd7 10. Rd1 N7f6 11. Nxd5 Nxd5 12. a3 Qc8 13. Bg5 Bxg5 14. Nxg5 Nf6 15. Bc6 Bxc6 16. Qxc6 Qa6 17. Rd2 Rac8 18. Rc1 Rfd8 19. Nf3 Rd6 20. Qc4 Qxc4 21. Rxc4 Nd7 22. Rdc2 c6 23. e3 f6 24. Nd2 c5 25. b4 Rdc6 26. bxc5 bxc5 27. Nb3 Ra6 28. a4 Nb6 29. Rxc5 Rb8 30. a5 Nc4 31. R2xc4 Rxb3 32. Rc8+ Kf7 33. R4c7+ Kg6 34. Rg8 Kf5 35. Rgxg7 Ke4 36. Kg2 1-0

[Event "Budapest Epitok"]
[Site "Budapest"]
[Date "1986.??.??"]
[Round "?"]
[White "Polajzer, Danilo"]
[Black "Bauer, Tamas"]
[Result "1/2-1/2"]
[WhiteElo "2300"]
[BlackElo "2220"]
[PlyCount "79"]
[EventDate "1986.??.??"]
[EventType "tourn"]
[EventRounds "11"]
[EventCountry "HUN"]
[EventCategory "3"]
[SourceTitle "EXT 2004"]
[Source "ChessBase"]
[SourceDate "2003.11.25"]
[SourceVersion "1"]
[SourceVersionDate "2003.11.25"]
[SourceQuality "1"]

1. d4 d5 2. c4 e6 3. Nc3 Be7 4. Nf3 Nf6 5. Bg5 Nbd7 6. e3 0-0 7. Qc2 c6 8. 0-0-0 Re8 9. h4 a6 10. Bd3 dxc4 11. Bxc4 Qa5 12. Kb1 c5 13. d5 exd5 14. Nxd5 Nxd5 15. Bxd5 Nf8 16. Ne5 Be6 17. Bxe6 fxe6 18. Nd7 Qb5 19. Ne5 Rac8 20. Qc4 Qxc4 21. Nxc4 Bxg5 22. hxg5 Rcd8 23. Na5 b6 24. Nc6 Rd5 25. Rxd5 exd5 26. Rd1 Re6 27. Nb8 Re5 28. f4 Rxe3 29. Rxd5 Ne6 30. Rd6 Nxf4 31. Rxb6 Nd5 32. Rd6 Re1+ 33. Kc2 Nb4+ 34. Kb3 Re3+ 35. Kc4 Nxa2 36. Rxa6 Nc1 37. Nd7 Nd3 38. Nxc5 Nxb2+ 39. Kd4 Re8 40. g6 1/2-1/2